Statistiques concernant Les 5 pays les plus hauts au classement FIFA par continent

Cliquez ici pour prendre le quiz!

Statistiques générales

  • Ce quiz a été pris 4 988 fois
    (2 602 depuis la dernière actualisation)
  • Le résultat moyen est 21 sur 30

Statistiques - réponses

Réponse% Correct
France
100%
Argentine
97%
Brésil
97%
Maroc
94%
Angleterre
92%
États-Unis
92%
Algérie
91%
Canada
91%
Australie
90%
Belgique
90%
Japon
90%
Mexique
89%
Sénégal
86%
Uruguay
83%
Colombie
80%
Corée du Sud
78%
Nouvelle-Zélande
75%
Pays-Bas
75%
Croatie
73%
Égypte
71%
Tunisie
71%
Pérou
67%
Costa Rica
58%
Panama
51%
Arabie Saoudite
49%
Iran
46%
Papouasie-Nouvelle-Guinée
28%
Îles Salomon
21%
Nouvelle-Calédonie
10%
Tahiti
8%

Distribution des résultats

Percentile par nombre de réponses

% des personnes avec chaque résultat

Votre développement - résultats

Vous n’avez pas pris ce quiz depuis la dernière actualisation